| 000 | 00463nam a22001457a 4500 | ||
|---|---|---|---|
| 082 | _a004 | ||
| 100 | _aRehman, Huma | ||
| 245 |
_aImplementing International best Practices in Academics Institutes / _cHuma Rehman |
||
| 260 |
_aIslamabad : _bMCS - NUST, _c2014. |
||
| 300 |
_a104 p. ; _c30cm. |
||
| 650 |
_aInformation Security-MS-Thesis _916348 |
||
| 700 |
_aDr. Ashraf Masood _921375 |
||
| 942 |
_2ddc _cTHE |
||
| 999 |
_c540911 _d540911 |
||